000 01423nam a2200301 i 4500
001 59499
003 ES-MaACL
005 20250813014531.0
007 t|
008 031029m17511777fr afp e |||| |dfre d
040 _cES-MaACL
080 _a(031)"17"
245 0 0 _aEncyclopédie ou dictionnaire raisonné des sciences, des arts et des métiers /
_cpar une societé de gens de lettres ; mis en ordre & publié par Diderot... & quant à la partie mathématique par d'Alembert.
260 _aParis :
_b[s.n.],
_c1751-1777 (
_fBriasson [etc.])
300 _a34 volúmenes :
_bláminas ;
_c34 cm.
505 _aT. 1-17: A-Z -- T. 18-28: Figures -- T. 29-30: Tables -- T. 31-33: Supplements -- T. 34: Planches-Supplements
530 _aDisponible en formato digital.
650 4 _aEnciclopedias-
_vObras anteriores a 1800.
_912236
700 1 _aDiderot, Denis,
_d1713-1784
_eaut
_944511
700 1 _aAlembert, Jean Le Rond d',
_d1717-1783
_eaut
_919739
740 0 _aDictionnaire raisonne des sciences, des arts et des métiers.
740 0 _aDictionnaire des sciences, des arts et des métiers.
852 _aES-MaACL
_cDEPO
_jR-2110-43
_xPiel con hierros dorados
_zEx-libris del duque de Hyjar.
_dOlim: C-10406-39
856 _uhttps://portail.atilf.fr/encyclopedie/index.htm
_zVersión en línea
_yProjet ARTFL
942 _cMONANT
_n0
999 _c59499
_d59499